Statistics for Candy quiz.

Click here to take the quiz!

General Stats

  • This quiz has been taken 43 times
  • The average score is 15 of 26

Answer Stats

HintAnswer% Correct
M&M's
97%
Laffytaffy
94%
Dumdum
91%
Whoppers
91%
Snickers
91%
Airhead
88%
Kitkat
88%
Jollyrancher
85%
Ringpop
79%
Crunchbar
76%
U-nobar
76%
Twizzlers
74%
Now andlater
71%
Her-shey
62%
Babyruth
59%
York peppermintpatty
50%
Poprocks
47%
Fundip
41%
Good &plenty
38%
Icebreaker
35%
Everlastinggobstopper
32%
Zotz
12%
Oreo
9%
Quincecandy
3%
Violetcrumble
3%
X-treme
0%

Score Distribution

Percentile by Number Answered

Percent of People with Each Score

Your Score History

You have not taken this quiz